| Tag |
First Indicator |
Second Indicator |
Subfields |
| LEADER |
00000cam a2200000 i 4500 |
| 001 |
in00000013646 |
| 005 |
20151007052526.0 |
| 008 |
761209s1976 caua b 10000 eng d |
| 035 |
|
|
|a (OCoLC)02608983
|
| 035 |
|
|
|9 AAA8139AM
|
| 040 |
|
|
|a VJA
|c VJA
|d OCL
|d m.c.
|d TXA
|d UtOrBLW
|
| 049 |
|
|
|a TXAM
|c [A12608015]
|
| 050 |
|
4 |
|a RA418.5.F3
|b F354 1976
|
| 245 |
0 |
0 |
|a Family health care :
|b health promotion and illness care /
|c Based on the proceedings of the 1975 annual Institute for Public Health Social Workers held in conjunction with the annual Meeting of Medical Social Consultants in Public Health & Medical Care Programs. Edited by Robert C. Jackson, Jean Morton.
|
| 264 |
|
1 |
|a Berkeley :
|b Public Health Social Work Program, School of Public Health, University of California,
|c 1976.
|
| 300 |
|
|
|a xvi, 195 pages :
|b illustrations ;
|c 23 cm.
|
| 336 |
|
|
|a text
|b txt
|2 rdacontent
|
| 337 |
|
|
|a unmediated
|b n
|2 rdamedia
|
| 338 |
|
|
|a volume
|b nc
|2 rdacarrier
|
| 500 |
|
|
|a "Supported by a maternal & child health grant from Health Services Administration, U. S. Department of Health, Education and Welfare."
|
| 504 |
|
|
|a Includes bibliographical references.
|
| 650 |
|
0 |
|a Family medicine
|x Congresses.
|
| 650 |
|
0 |
|a Public health
|v Congresses.
|
| 700 |
1 |
|
|a Jackson, Robert Clark,
|d 1938-
|
| 711 |
2 |
|
|a Institute for Public Health Social Workers
|d (1975 :
|c Berkeley, Calif.)
|
| 710 |
2 |
|
|a Medical Social Consultants in Public Health and Medical Care Programs.
|
| 999 |
|
|
|a MARS
|
| 999 |
f |
f |
|s 46ddccb8-8d49-372e-bfb2-5324dcaa88ad
|i ec4108cf-5028-32df-b02f-a4bba97e6067
|t 0
|
| 952 |
f |
f |
|p ric
|a Texas A&M University
|b Rellis Campus
|c Joint Library Facility
|d Remote Storage
|t 0
|e RA418.5.F3 F354 1976
|h Library of Congress classification
|i unmediated -- volume
|m A14812608015
|
| 998 |
f |
f |
|a RA418.5.F3 F354 1976
|t 0
|l Remote Storage
|